| Tag |
First Indicator |
Second Indicator |
Subfields |
| LEADER |
00000cam a2200000 i 4500 |
| 001 |
in00003536921 |
| 005 |
20211120172934.0 |
| 006 |
m o d f |
| 007 |
cr mn||||||||| |
| 008 |
030801s2003 dcu ob f000 0 eng c |
| 035 |
|
|
|a (OCoLC)ocm52768643
|
| 040 |
|
|
|a AGL
|b eng
|e rda
|e pn
|c AGL
|d OCLCQ
|d ORE
|d OCLCO
|d OCLCA
|d OCLCF
|d OCLCO
|d OCLCQ
|d GPO
|d MvI
|d UtOrBLW
|
| 042 |
|
|
|a pcc
|
| 043 |
|
|
|a n-us---
|
| 049 |
|
|
|a WWW
|
| 070 |
0 |
|
|a aHV696.F6
|b F6632 no. 34-4
|
| 072 |
|
0 |
|a E310
|
| 074 |
|
|
|a 0042-T-08 (online)
|
| 086 |
0 |
|
|a A 93.60:34-4
|
| 100 |
1 |
|
|a Gundersen, Craig,
|e author.
|
| 245 |
1 |
0 |
|a Certifying eligibility in the National School Lunch Program /
|c Craig Gundersen ; Rosanna Mentzer Morrison ; Ghelfi, Linda M.
|
| 246 |
1 |
7 |
|a Certifying and verifying eligibility in the National School Lunch Program
|
| 264 |
|
1 |
|a [Washington, D.C.] :
|b United States Department of Agriculture, Economic Research Service,
|c [2003]
|
| 300 |
|
|
|a 1 online resource (2 pages)
|
| 336 |
|
|
|a text
|b txt
|2 rdacontent
|
| 337 |
|
|
|a computer
|b c
|2 rdamedia
|
| 338 |
|
|
|a online resource
|b cr
|2 rdacarrier
|
| 490 |
1 |
|
|a Food assistance research brief
|
| 490 |
1 |
|
|a Food and nutrition research report ;
|v number 34-4
|
| 500 |
|
|
|a Title from caption (viewed Aug. 1, 2003).
|
| 500 |
|
|
|a "July 2003."
|
| 504 |
|
|
|a Includes bibliographical references (page 2).
|
| 650 |
|
0 |
|a National school lunch program.
|
| 650 |
|
0 |
|a Food relief
|z United States.
|
| 650 |
|
0 |
|a Means tests
|z United States.
|
| 650 |
|
7 |
|a Food relief.
|2 fast
|0 (OCoLC)fst00931031
|
| 650 |
|
7 |
|a National school lunch program.
|2 fast
|0 (OCoLC)fst01033706
|
| 651 |
|
7 |
|a United States.
|2 fast
|0 (OCoLC)fst01204155
|
| 700 |
1 |
|
|a Morrison, Rosanna Mentzer,
|e author.
|
| 700 |
1 |
|
|a Ghelfi, Linda M.,
|e author.
|
| 710 |
1 |
|
|a United States.
|b Department of Agriculture.
|b Economic Research Service,
|e issuing body.
|
| 776 |
0 |
8 |
|i Print version:
|a Gundersen, Craig.
|t Certifying eligibility in the National School Lunch Program
|w (OCoLC)71837626
|
| 830 |
|
0 |
|a Food assistance and nutrition research report.
|p Food assistance research brief.
|
| 830 |
|
0 |
|a Food Assistance and Nutrition Research report ;
|v number 34-4.
|
| 856 |
4 |
0 |
|u https://purl.fdlp.gov/GPO/gpo55716
|t 0
|
| 999 |
|
|
|a MARS
|
| 999 |
f |
f |
|s e2b3bf43-debf-33a0-9246-aba572785fd9
|i 02b9f0c5-2a4e-31cb-8bc5-ad5642225d2f
|t 0
|
| 952 |
f |
f |
|a Texas A&M University
|b College Station
|c Electronic Resources
|d Available Online
|t 0
|e A 93.60:34-4
|h Superintendent of Documents classification
|
| 998 |
f |
f |
|a A 93.60:34-4
|t 0
|l Available Online
|